000 00371 a2200169 4500
001 184063
020 _a85-356-1315-3
040 _cMagnum
100 _aKrenak, Shirley Djukurnã
240 1 0 _aA onça protetora
_lpor
245 1 0 _aA onça protetora
300 _a39
362 0 _a2004
440 1 _aPaulinas
697 _aLITERATURA INFANTO-JUVENIL
942 _cBK
999 _c184063
_d184063